Fallout 4 SPECIAL Quiz - Statistics

General Stats
  • This quiz has been taken 175 times
  • The average score is 18 of 70
Answer Stats
Srength Perks Iron Fist % Correct
Luck Perks Idiot Savant
57%
Charisma Perks Lady Killer/Black Widow
55%
Intelligence Perks Science!
53%
Intelligence Perks V.A.N.S
53%
Intelligence Perks Gun Nut
51%
Intelligence Perks Hacker
51%
Strength Perks Pain Train
51%
Luck Perks Mysterious Stranger
49%
Strength Perks Armorer
48%
Strength Perks Blacksmith
47%
Charisma Perks Local Leader
45%
Charisma Perks Lone Wanderer
44%
Intelligence Perks Nerd Rage!
41%
Strength Perks Strong Back
41%
Luck Perks Bloody Mess
40%
Strength Perks Rooted
39%
Endurance Perks Aquaboy/Aquagirl
38%
Perception Perks Sniper
37%
Perception Perks Rifleman
36%
Agility Perks Commando
35%
Agility Perks Gunslinger
34%
Strength Perks Iron Fist
34%
Perception Perks Pickpocket
33%
Strength Perks Big Leagues
32%
Endurance Perks Ghoulish
32%
Endurance Perks Lead Belly
32%
Perception Perks Locksmith
31%
Luck Perks Scrounger
30%
Charisma Perks Wasteland Whisperer
28%
Endurance Perks Lifegiver
27%
Charisma Perks Intimidation
25%
Intelligence Perks Medic
25%
Agility Perks Ninja
25%
Agility Perks Sneak
25%
Charisma Perks Animal Friend
23%
Charisma Perks Party Girl/Party Boy
23%
Agility Perks Action Boy/Action Girl
22%
Intelligence Perks Chemist
21%
Luck Perks Four Leaf Clover
20%
Agility Perks Gun Fu
20%
Strength Perks Heavy Gunner
19%
Luck Perks Ricochet
19%
Agility Perks Blitz
18%
Intelligence Perks Nuclear Physicist
18%
Intelligence Perks Robotics Expert
17%
Endurance Perks Solar powered
17%
Luck Perks Grim Reaper's Sprint
16%
Intelligence Perks Scrapper
16%
Luck Perks Better Criticals
15%
Charisma Perks Cap Collecter
14%
Luck Perks Critical Banker
14%
Endurance Perks Toughness
14%
Charisma Perks Attack Dog
13%
Perception Perks Awareness
13%
Strength Perks Basher
13%
Endurance Perks Cannibal
13%
Luck Perks Fortune Finder
13%
Endurance Perks Rad Resistant
13%
Perception Perks Penetrator
12%
Perception Perks Demolition Expert
11%
Strength Perks Steady Aim
11%
Endurance Perks Chem Resistant
10%
Charisma Perks Inspirational
10%
Agility Perks Mister Sandman
10%
Perception Perks Night person
9%
Endurance Perks Adamantium Skeleton
8%
Perception Perks Refractor
8%
Perception Perks Concentrated Fire
6%
Agility Perks Moving Target
6%
Agility Perks Quick Hands
4%
No matching quizzes found
Score Distribution
Percent of People with Each Score
Percentile by Number Answered
Your Score History
You have not taken this quiz